000 00639nam a22002297a 4500
003 UA-OsUOA
001 95072
007 ta
008 20130225b un ||||| |||| 00| 0 ukr d
100 _aІбрагімбеков М.
090 _a821.512.166
_bИ99
942 _cBK
040 _aUA-OsUOA
_bukr
_cUA-OsUOA
_dUA-OsUOA
245 _aОдного чудового дня
_bоповідання, повісті
300 _a409 с.
955 _a3
041 _aukr
080 _a821.512.166
260 _aК.
_bДніпро
_c1983
650 7 _a82 Література. Літературознавство
_2UDC
999 _c381316
_d381316